Statistics for Guess the Lyrics #62

Click here to take the quiz!

General Stats

  • This quiz has been taken 587 times
    (193 since last reset)
  • The average score is 227 of 416

Answer Stats

Lyrics% Correct
You
95%
you
95%
you?
95%
a
93%
the
89%
me
83%
Do
81%
to
81%
To
81%
when
79%
When
79%
your
78%
it
76%
be
74%
on
74%
And
73%
and
73%
is
73%
like)
72%
like,
72%
like
72%
Like
72%
know
71%
No
71%
No,
71%
no
71%
in
70%
so
70%
my
68%
(What
68%
what
68%
you're
68%
don't
64%
it's
62%
of
62%
That
60%
ever
58%
feel
58%
I'm
58%
Are
56%
one
53%
not
52%
there
48%
life
42%
up
42%
down
41%
down?
41%
just
41%
out?
41%
out
41%
think
40%
never
39%
With
39%
but
36%
was
34%
had
33%
wanna
33%
you've
32%
always
30%
been
30%
gonna
30%
left
27%
their
27%
dark
26%
hears
26%
more
25%
world
25%
lost
24%
place
22%
run
22%
away?
21%
back
21%
happy,
21%
hate?
21%
over?
21%
somebody
21%
nothing
20%
something
20%
around?
19%
around
19%
feeling
19%
edge
18%
else?
18%
feels
18%
Before
17%
breaking
17%
everyone
17%
hurt,
17%
might
17%
face
16%
find
16%
belong
15%
wanted
15%
save
14%
gave
13%
one's
13%
sick
13%
understands
13%
inside
12%
kicked
12%
Welcome
12%
yourself
12%
pushed
11%
alright
10%
Everybody
10%
okay
10%
While
10%
work,
10%
radio
9%
big
8%
lies
8%
loud
8%
room
8%
screaming?
8%
somehow
8%
stabbed
8%
stuck
8%
stupid
8%
turned
8%
deep
7%
smiles
7%
Welcome to My Life - Simple Plan
7%
fake
6%
lied
6%
lock
6%
straight
6%
desperate
5%
bleeding
4%

Score Distribution

Percentile by Number Answered

Percent of People with Each Score

Your Score History

You have not taken this quiz since the last reset